Developing Countries 9 Economics and Politics

Gespeichert in:
Bibliographische Detailangaben
Format: Buch
Sprache:Englisch
Veröffentlicht: Berlin Akademie 1987
Ausgabe:1. ed.
Schriftenreihe:Information Bulletin of the Problem Commission for the Multilateral Cooperation of the Academies of Sciences of the Socialist Countries
Tags: Tag hinzufügen
Keine Tags, Fügen Sie das erste Tag hinzu!

MARC

LEADER 00000nam a2200000 4500
001 c024088
005 20221219115653.0
041 0 |a eng 
044 |a DE 
245 1 0 |a Developing Countries 9  |b Economics and Politics 
250 |a 1. ed. 
264 1 |a Berlin  |b Akademie  |c 1987 
300 |a 101 s. 
490 1 |a Information Bulletin of the Problem Commission for the Multilateral Cooperation of the Academies of Sciences of the Socialist Countries 
830 0 |a Information Bulletin of the Problem Commission for the Multilateral Cooperation of the Academies of Sciences of the Socialist Countries